Comprensión auditiva en coreano-Nivel básico

Guardado en:
Bibliografiske detaljer
Format: Bog
Sprog:Undetermined
Udgivet: Korea The National Institute of the Korean Language 2012
Fag:
Tags: Tilføj Tag
Ingen Tags, Vær først til at tagge denne postø!

MARC

LEADER 00000nam a2200000Ia 4500
008 170316s9999 xx 000 0 und d
090 |a 415-C C-1c 
245 |a Comprensión auditiva en coreano-Nivel básico 
260 |a Korea 
260 |b The National Institute of the Korean Language 
260 |c 2012 
300 |a 197 páginas. Dos CD-ROM: Tomo 1 y tomo 2 
650 |a GRAMÁTICA COREANA 
650 |a IDIOMA COREANO 
650 |a COMPRENSIÓN AUDITIVA 
650 |a EJERCICIOS 
650 |a NIVEL BÁSICO 
650 |a CUESTIONARIOS DE AUTOEVALUACIÓN 
650 |a 7, CONTIENE UN CD-ROM 
999 |c 30385  |d 30385 
040 |a cru BVZT 
942 |c 15 D  |h 415-C C-1c  |2 z